| 000 | 01565nam1a22002771i 4500 | ||
|---|---|---|---|
| 001 | v19\rc\1636565 | ||
| 005 | 20260406111041.0 | ||
| 035 | _a(NLR Aleph) 005240296 | ||
| 090 |
_a5697227 _c5697227 |
||
| 100 | _a20061002g19001905|||y0rusy50 ca | ||
| 101 | 1 |
_arus _cger |
|
| 102 | _aRU | ||
| 105 | _a z ||||| | ||
| 200 | 1 |
_aПередача силы на далекие расстояния и устройство передаточных механизмов и регуляторов _eПракт. руководство для конструкторов, механиков, фабрикантов и заводчиков _f[Соч.] Инж. Г. Мейснера _g!Пер. со 2 изд. соч. "Meissner'a Die Kraftübertragung auf weite Entfernungen", вновь обработ. и изд. инж. J. [!] [los.] Krämer'ом с доп. инж.-технол. Л.А. Боровича. Т. 1-2 |
|
| 210 |
_aСанкт-Петербург _cК.Л. Риккер _d1900-1905 |
||
| 215 |
_a2 т. _d25 |
||
| 454 | 0 |
_12001#$aDie Kraftübertragung auf weite Entfernungen _1205##$a2-е изд. _1700#1$aMeissner _tDie Kraftübertragung auf weite Entfernungen _aMeissner |
|
| 700 | 1 |
_aМейснер _bГ. |
|
| 702 | 1 |
_4730 _8rus _7ca _aБорович _bЛ. А. _gЛев Агафонович _3RU\NLR\AUTH\77115857 _998782 |
|
| 702 | 1 |
_aКрамер _bЙ. _gЙозеф _4730 |
|
| 801 | 0 |
_aRU _bNLR _c20061002 _gpsbo |
|
| 801 | 0 |
_aRU _bRuMoRGB _c20061002 _2psbo |
|
| 801 | 1 |
_aRU _bProSoft-M _c20061002 _2rusmarc |
|
| 801 | 2 |
_aRU _bNLR _c20121012 _2rusmarc |
|
| 852 |
_aNLR _j20.72.7.27 |
||
| 942 | _cBOOK | ||